000 00621nam a2200205Ia 4500
003 OSt
005 20220926034607.0
006 a|||||r|||| 00| 0
007 ta
008 220923b |||||||| |||| 00| 0 eng d
037 _cGeneral Book
040 _aRTL
_cRTL
_beng
041 _2eng
_aeng
082 _aY:5.275sN61, J1.16,1
100 _aCensus of India,1951
_9235207
245 0 _aTribes and castes of West Bengal .West Bengal V 16.
260 _aWest Bengal
_bBebgal Govt. Press
_c1961
942 _hY:5.275sN61, J1.16,1
_cGB
_2CC
999 _c659884
_d659884